| 000 | 00579nam a2200181 a 4500 | ||
|---|---|---|---|
| 005 | 20210223122507.0 | ||
| 008 | 991125s1960 mx 000 0 spa u | ||
| 035 | _aUPN01000036498 | ||
| 049 | _aCG | ||
| 050 | 4 |
_aRC87 _bG6.4 1960 |
|
| 100 | 1 | _aGómez Alvarez, Salvador | |
| 245 | 1 | 0 |
_aManual de primeros auxilios : _bpara uso de las comisiones mixtas permanentes de higiene en los centros de trabajo / _cSalvador Gómez Alvarez. |
| 250 | _a4a ed. | ||
| 260 |
_aMéxico : _bSTPS, _c1960. |
||
| 300 | _a166 p. | ||
| 650 | 4 |
_aPRIMEROS AUXILIOS - _vMANUALES _925714 |
|
| 905 | _aLibro | ||
| 999 |
_c36498 _d36498 |
||